000 01434cam a2200349 4500
001 ABS64207
008 010712n2001 000 0 eng u
035 _a(Sirsi) u113633
100 _aWinney, M.
245 _aSupplement: Channel Tunnel Rail Link
260 _c2001
490 _aNew Civil Engineer Supplement
_v28 June 2001, 1-34(27) LOAN
520 _aSpecial supplement on the Channel Tunnel Rail Link which is currently under construction. Section One, from Folkestone to Fawkham Junction in Kent, is due for completion in October 2003 at a cost of £1.7bn whilst the more complex £3.3bn Section Two, featuring two 20 km tunnels under east London will open in 2007. Describes the engineering challenges of each of the key points along the route between St Pancras and Ebbsfleet and summarises some of the problems and environmental concerns encountered and solved in Section One.
590 _aABS
650 _aCHANNEL TUNNEL RAIL LINK
650 _aCIVIL ENGINEERING
650 _aEBBSFLEET
650 _aENVIRONMENTAL IMPACT
650 _aENVIRONMENTAL ISSUES
650 _aLISTED BUILDINGS
650 _aRAILWAY STATIONS
650 _aRAILWAYS
650 _aST PANCRAS
650 _aSTRATFORD
650 _aTUNNELING
650 _aTUNNELS
650 _aVIADUCTS
650 _aWILDLIFE
690 _aBUILT ENVIRONMENT-ENGINEERING-CIVIL ENGINEERING
700 _aLovelace, N.
942 _n0
999 _c67710
_d67710